Statistics for Actors by Film #8

Click here to take the quiz!

General Stats

  • This quiz has been taken 24 times
    (19 since last reset)
  • The average score is 7 of 20

Answer Stats

FilmFilmFilmActor/Actress% Correct
Star Trek Into DarknessDoctor StrangeThe Imitation GameBenedict Cumberbatch
82%
CruellaLa La LandThe Amazing Spider-ManEmma Stone
82%
Tropic ThunderZoolanderNight at the MuseumBen Stiller
76%
Harry PotterDie HardLove ActuallyAlan Rickman
65%
Willy Wonka & the Chocolate FactoryStir CrazyYoung FrankensteinGene Wilder
53%
Now You See MeJustice LeagueThe Social NetworkJesse Eisenberg
47%
The ForeignerRush HourThe Karate KidJackie Chan
41%
GattacaA.I.Sherlock HolmesJude Law
41%
Pirates of the CaribbeanTroyThe Lord of the RingsOrlando Bloom
41%
FargoReservoir DogsThe Big LebowskiSteve Buscemi
41%
Black Moon RisingThe TerminatorDante's PeakLinda Hamilton
35%
The Amazing Spider-Man 2Rogue OneThe Theory of EverythingFelicity Jones
29%
Doctor Strange: Multiverse of MadnessA Quiet PlaceFree GuyJohn Krasinski
24%
Marriage StoryStar WarsLincolnAdam Driver
18%
The Hunger GamesKnowingThe Expendables 2Liam Hemsworth
18%
Terminator SalvationAvatarHacksaw RidgeSam Worthington
18%
Guess Who's Coming to DinnerInherit the WindJudgment at NurembergSpencer Tracy
12%
Dawn of the Planet of the ApesStar WarsThe Lord of the RingsAndy Serkis
6%
Who Framed Roger RabbitMarley & MeThe Virgin SuicidesKathleen Turner
6%
The Full MontyTrainspotting28 Weeks LaterRobert Carlyle
6%

Score Distribution

Percentile by Number Answered

Percent of People with Each Score

Your Score History

You have not taken this quiz since the last reset